Applied economic analysis for technologists, engineers, and managers

Αποθηκεύτηκε σε:
Λεπτομέρειες βιβλιογραφικής εγγραφής
Κύριος συγγραφέας: Bowman, Michael S.
Μορφή: Βιβλίο
Γλώσσα:English
Δημοσίευση: Upper Saddle River, N.J. : Prentice Hall, c1999
Θέματα:
Ετικέτες: Προσθήκη ετικέτας
Δεν υπάρχουν, Καταχωρήστε ετικέτα πρώτοι!

MARC

LEADER 00000nam a2200000 i 4500
001 1/14226
008 001204s1999 eng d
020 |a 0-13-375932-6 
035 |l 10064922 
040 |a GR-MY-UA  |b gre  |e aacr 
041 0 |a eng 
082 0 |a 658.1 
100 1 |a Bowman, Michael S. 
245 1 0 |a Applied economic analysis for technologists, engineers, and managers /  |c Michael S. Bowman 
260 |a Upper Saddle River, N.J. :   |b Prentice Hall,   |c c1999 
300 |a xii, 561 p. 
504 |a Includes index 
650 0 0 |a Engineering economy. 
650 0 0 |a Finance. 
852 |a INST  |b CHIOS  |e 20001204  |h 658.1 BOW  |p 005200017087  |q 005200017087  |t BK  |y 0 
901 |a BIBL2-2001-1 
909 |a Χ  |b 082410 
922 |a 2ΕΛΗ  |b 200010  |c ΤΜΟΔ  |d ΜΙΧΑΛΟΠΟΥΛΟΣ 
950 |a 186-2000-09-14 
970 |a ΣΠΕΝΤΖΑ  |b ΕΛΕΝΗ  |z 2001/01/11